00852nam a2200253 i 4500001000300000100002800003245007300031260008300104300002800187504001400215650001200229650003600241655003000277020001500307040000800322041000700330080003100337920001800368942000700386008004100393999001700434856009800451952004900549bg1 aSIOŁKOWSKI, Bronisław10aStatyka i wytrzymałość materiałów /cBronisław Siołkowski. aBydgoszcz :bWydawnictwa Uczelniane Akademii Techniczno-Rolniczej,ccop. 2002. a490 s. :bil. ;c23 cm. aBibliogr. 9aStatyka 9aWytrzymałość materiałów aPodręczniki akademickie a8387274496 cBPK0 apl a620.17:539.4+531.2](075.8) a83-87274-49-6 cKS s pl f |000 0 pol  c42425d42425 uhttp://koha.tu.koszalin.pl/cgi-bin/koha/opac-detail.pl?biblionumber=42425yKatalog online BPK 00104070aBPKbBPKcwo66723p01982411yKS